01302nam a22003494a 4500001001200000003000800012006001900020007001500039008004100054010001700095020003500112020001800147040002100165035002100186050002400207082001500231100002000246245009500266260003800361300001600399490004500415504006600460533015200526650002000678650001900698650001200717655002900729710001700758830003400775856012600809999001700935ebr10234705CaPaEBRm u cr cn|||||||||060525s2006 ne sb 001 0 eng  z 2006047543 z900414725X (pbk. : alk. paper) z9789004147256 aCaPaEBRcCaPaEBR a(OCoLC)64675354114aHV4708b.K44 2006eb04a179/.32221 aKemmerer, Lisa.10aIn search of consistencyh[electronic resource] :bethics and animals /cby Lisa Kemmerer. aLeiden ;aBoston :bBrill,c2006. axvi, 542 p.1 aHuman-animal studies,x1573-4226 ;vv. 3 aIncludes bibliographical references (p. [509]-529) and index. aElectronic reproduction.bPalo Alto, Calif. :cebrary,d2013.nAvailable via World Wide Web.nAccess may be limited to ebrary affiliated libraries. 0aAnimal welfare. 0aAnimal rights. 0aEthics. 7aElectronic books.2local2 aebrary, Inc. 0aHuman-animal studies ;vv. 3.40uhttp://site.ebrary.com/lib/rucke/Doc?id=10234705zAn electronic book accessible through the World Wide Web; click to view c38263d38263